[Event "45th FIDE Chess Olympiad Open"]
[Site "Budapest, Hungary"]
[Date "2024.09.12"]
[Round "2"]
[White "Zaw Ye Htut"]
[Black "Taieb, Sahbi"]
[Result "0-1"]
[WhiteElo "1815"]
[BlackElo "2118"]
[PlyCount "112"]
[EventDate "2024.??.??"]
[WhiteTeam "Myanmar"]
[BlackTeam "Tunisia"]
[WhiteTeamCountry "MYA"]
[BlackTeamCountry "TUN"]
[WhiteClock "0:17:53"]
[BlackClock "0:09:42"]

1. e4 c5 2. Nf3 e6 3. d4 cxd4 4. Nxd4 Nc6 5. Nc3 Qc7 6. Be3 a6 7. a3 b5 8. Be2 Bb7 9. Nb3 ({RR} 9. f4 Rc8 10. Nxc6 Qxc6 11. Bf3 Qc7 12. e5 Ne7 13. O-O Nf5 14. Bf2 h5 15. Bxh5 Bc5 16. Bf3 Ne3 17. Qd3 Nxf1 18. Rxf1 Bxf3 19. Qxf3 Bxa3 20. Ne4 Be7 21. c3 d5 22. exd6 Bxd6 23. Bd4 Kf8 {0-1 Socko,B (2635)-Movsesian,S (2710) EU-ch blitz Warsaw 2011 (4)}) ({RR} 9. f4 Nxd4 10. Qxd4 Rc8 11. O-O-O Nf6 12. Rd2 Bxa3 13. e5 b4 14. Nb1 Ne4 15. bxa3 Nxd2 16. Qxd2 b3 17. c4 Bxg2 18. Rg1 Bd5 19. Kb2 Qb7 20. Nc3 Bxc4 21. Rxg7 Bxe2 22. Qxe2 Ke7 23. f5 exf5 {1-0 Namitbir,S (2408)-Palczert,M (2282) Titled Tue 2nd Jan Early 2024 (7)}) 9... Ne5 $146 ({RR} 9... Nf6 10. Nc5 Bc8 {½-½ Knuth,A-Nocke,T Mecklenburg VP LL 9293 1992 (7)}) ({RR} 9... d6 10. Qd2 Nf6 11. f4 Be7 12. O-O-O O-O 13. g4 b4 14. axb4 Nxb4 15. Rhg1 d5 16. e5 Ne4 17. Nxe4 dxe4 18. Kb1 Bd5 19. c4 Bxc4 20. Rc1 Nd3 21. Bxd3 Bxd3+ 22. Ka1 Qd7 23. Nc5 Bxc5 24. Bxc5 {0-1 McLeod,S-Ribeiro,A Olympiad-28 Thessaloniki 1988 (9)}) ({RR} 9... Nf6 10. f3 Be7 11. Nc5 Rc8 12. Nxb7 Qxb7 13. O-O O-O 14. Kh1 Rfd8 15. f4 d5 16. exd5 Nxd5 17. Nxd5 Rxd5 18. Qe1 Bf6 19. Bf3 Rd7 20. c3 Qc7 21. Qf2 Ne7 22. Rad1 Rxd1 23. Rxd1 Nf5 24. Bb6 {½-½ Bendzulla,J (1529)-Barna,D (1534) JBLN Ost 0001 2000}) 10. O-O Nf6 11. Qd4 Neg4 12. f4 Nxe3 13. Qxe3 h5 14. Rfe1 Be7 15. h3 h4 16. e5 Nh5 17. Bf3 Ng3 18. Bxb7 Qxb7 19. Rad1 Rh6 20. Ne4 Rg6 21. Rd2 Rc8 22. Nbc5 Qc6 23. b4 a5 24. Nd6+ Bxd6 25. Rxd6 Qa8 26. Ra6 Qd5 27. Qd3 Qxd3 28. cxd3 axb4 29. axb4 Nf5 30. Kf2 Ne7 31. Re4 f5 32. exf6 Rxf6 33. Ra7 Nd5 34. Nxd7 Rxf4+ 35. Rxf4 Nxf4 36. Nc5 Rd8 37. Ke3 g5 38. Ke4 Nxg2 39. Ke5 Nf4 40. Kf6 Nd5+ 41. Kxe6 Nf4+ 42. Kf6 Nd5+ 43. Kxg5 Nxb4 44. Kf6 Nc6 45. Rh7 Rd6+ 46. Ne6 b4 47. Rb7 Rxe6+ 48. Kxe6 Nd8+ 49. Kd5 Nxb7 50. Kc4 Nc5 51. d4 Ne4 52. Kxb4 Ng5 53. Kc3 Nxh3 54. Kd3 Nf4+ 55. Ke3 h3 56. Kxf4 h2 0-1

[Event "45th FIDE Chess Olympiad Open"]
[Site "Budapest, Hungary"]
[Date "2024.09.12"]
[Round "2"]
[White "Amdouni, Zoubaier"]
[Black "Linn Phone Myat"]
[Result "1/2-1/2"]
[WhiteElo "2151"]
[BlackElo "1763"]
[PlyCount "51"]
[EventDate "2024.??.??"]
[WhiteTeam "Tunisia"]
[BlackTeam "Myanmar"]
[WhiteTeamCountry "TUN"]
[BlackTeamCountry "MYA"]
[WhiteClock "0:03:35"]
[BlackClock "0:11:23"]

1. e4 c5 2. Nf3 d6 3. d4 cxd4 4. Nxd4 Nf6 5. Nc3 a6 6. Bc4 e6 7. Bb3 Nbd7 8. Bg5 Nc5 9. Qf3 Be7 10. O-O-O Qc7 11. Rhe1 O-O 12. Kb1 b5 13. Nf5 ({RR} 13. Qg3 b4 14. Bxf6 Bxf6 15. Na4 Bb7 {½-½ Ivanovic,B (2403)-Djukanovic,S (2068) 76th ch-MNE 2024 (3.10)}) 13... exf5 14. Bxf6 Bxf6 15. Nd5 Qd8 $146 ({RR} 15... Qa7 16. Nxf6+ gxf6 17. Qg3+ Kh8 18. Qxd6 Nd7 19. Qe7 Kg7 20. exf5 Ne5 21. Rxe5 fxe5 22. Qg5+ Kh8 23. f6 {1-0 Zapolskis,A (2266)-Donaldson,T (1982) GBR-ch 108th 2022 (4)}) 16. Nxf6+ gxf6 17. exf5 Ra7 18. Re3 Re8 19. Qg3+ Kh8 20. Qxd6 Rd7 21. Rxe8+ Qxe8 22. Qxf6+ Kg8 23. Qg5+ Kh8 24. Qf6+ Kg8 25. Qg5+ Kh8 26. Qf6+ 1/2-1/2

[Event "45th FIDE Chess Olympiad Open"]
[Site "Budapest, Hungary"]
[Date "2024.09.12"]
[Round "2"]
[White "Juarez Flores, Carlos A."]
[Black "Al-Hajiri, Bader"]
[Result "1/2-1/2"]
[WhiteElo "2308"]
[BlackElo "1947"]
[PlyCount "147"]
[EventDate "2024.??.??"]
[WhiteTeam "Guatemala"]
[BlackTeam "Kuwait"]
[WhiteTeamCountry "GUA"]
[BlackTeamCountry "KUW"]
[WhiteClock "0:17:23"]
[BlackClock "0:07:22"]

1. e4 {Pavlovic,Milos} e5 2. Nf3 Nc6 3. Nc3 Nf6 4. Bb5 Bb4 5. O-O O-O 6. d3 d6 7. Ne2 Ne7 8. Ng3 Ng6 9. c3 Ba5 10. d4 exd4 ({RR} 10... Bb6 11. Re1 c6 12. Bd3 Re8 13. h3 h6 14. Be3 Be6 15. Qc2 ({RR} 15. Qd2 Qc7 ({RR} 15... Qe7 16. Nf5 Qf8) 16. Nf5 Bxf5 17. exf5 Nf8 18. Bxh6 N8h7 19. g4 e4 20. g5 Nh5 21. Bxe4 gxh6 22. f6) 15... Qc7 16. a3 a5 17. c4 a4 18. Red1 exd4 19. Bxd4 Ne5 ({RR} 19... Bxd4 20. Nxd4 Qb6 21. Bf1 Qc5 22. Rd2 h5 23. Rad1 h4 24. Ngf5 Bxf5 25. exf5 Nf4 26. Ne2 Nxe2+ 27. Bxe2 Re7 28. Bf3 Rae8) 20. Be2 Bc5 21. Rd2 Nfd7 22. Rad1 Red8 ({RR} 22... Nxf3+ 23. Bxf3 Red8 24. Be2 Bxd4 25. Rxd4 Nc5 26. Qc3 Nb3 27. R4d3 c5) 23. Nh4 Bxd4 24. Rxd4 c5 25. Rxd6 {1-0 Anand,V (2791)-Mamedyarov,S (2756) Gashimov Memorial 2nd 2015 (8)}) ({RR} 10... h6 11. h3 Bb6 12. Re1 c6 13. Ba4 Re8 14. Bc2 a5 15. Be3 Bc7 16. Qd2 a4 17. Rad1 a3 18. b4 Qe7 19. Nf5 Bxf5 20. exf5 Nf8 21. dxe5 dxe5 22. Bb3 N6d7 23. Bxh6 gxh6 24. Qxh6 Qf6 25. Qh5 {1-0 Goryachkina,A (2553)-Herman,M (2383) Titled Tue 27th Feb Early 2024 (6)}) 11. Nxd4 c6 $146 ({RR} 11... Bb6 12. Re1 c6 13. Bd3 d5 14. e5 Ng4 15. Bxg6 fxg6 16. f3 Nxh2 17. Be3 Qh4 18. Bf2 Ng4 19. fxg4 Rxf2 20. Kxf2 Bxg4 21. Qd3 Qh2 22. Rf1 c5 23. Rh1 Rf8+ 24. Qf3 Qxh1 25. Qxf8+ Kxf8 26. Ne6+ {1-0 Gubanov,A (2390)-Petrov,A Chigorin Memorial 1995 (5)}) 12. Bd3 Bb6 13. Bc2 d5 14. exd5 Qxd5 15. Bb3 Qd8 16. h3 Nd5 17. Qf3 Bxd4 18. cxd4 Be6 19. Rd1 f5 20. Re1 Nh4 21. Qh5 f4 22. Rxe6 fxg3 23. fxg3 Nf5 24. Bf4 Nxf4 25. Re8+ Kh8 26. Rxf8+ Qxf8 27. gxf4 Nxd4 28. Bf7 Qd6 29. Qe5 Qxe5 30. fxe5 g6 31. e6 Kg7 32. Rf1 Nf5 33. Rd1 Kf6 34. Rd7 Rb8 35. g4 Nh6 36. Kf2 Nxf7 37. exf7 Ke6 38. Rc7 Rf8 39. Rxb7 Rxf7+ 40. Rxf7 Kxf7 41. Ke3 Ke6 42. Kd4 Kf6 43. h4 h5 44. gxh5 gxh5 45. Ke4 a5 46. a4 Ke6 47. Kf4 Kf6 48. Ke4 Ke6 49. Kd4 Kd6 50. Kc4 Kc7 51. Kc5 Kb7 52. Kd6 Kb6 53. b3 Kb7 54. Kd7 Kb6 55. Ke6 Kc5 56. Kd7 Kb6 57. Kd6 Kb7 58. Kc5 Kc7 59. b4 axb4 60. Kxb4 Kb6 61. Kc4 Ka5 62. Kc5 Kxa4 63. Kxc6 Kb4 64. Kd5 Kb5 65. Ke5 Kc5 66. Kf5 Kd5 67. Kg5 Ke5 68. Kxh5 Kf5 69. Kh6 Kf6 70. Kh7 Kf7 71. h5 Kf8 72. Kg6 Kg8 73. h6 Kh8 74. h7 1/2-1/2

[Event "45th FIDE Chess Olympiad Open"]
[Site "Budapest, Hungary"]
[Date "2024.09.12"]
[Round "2"]
[White "Al Ibrahim, Abdulrahman"]
[Black "Giron Chavez, David Emanuel"]
[Result "0-1"]
[WhiteElo "1932"]
[BlackElo "2065"]
[PlyCount "54"]
[EventDate "2024.??.??"]
[WhiteTeam "Kuwait"]
[BlackTeam "Guatemala"]
[WhiteTeamCountry "KUW"]
[BlackTeamCountry "GUA"]
[WhiteClock "0:03:06"]
[BlackClock "0:06:49"]

1. e4 c5 2. Nf3 e6 3. c3 Nf6 4. e5 Nd5 5. g3 Nc6 6. Bg2 d6 7. exd6 Bxd6 8. O-O O-O 9. d4 h6 10. c4 Nf6 11. Nc3 a6 12. b3 Qc7 $146 ({RR} 12... Qa5 13. Bd2 cxd4 14. Nb5 Qd8 15. Nbxd4 Nxd4 16. Nxd4 e5 17. Nc2 Bg4 18. Qc1 Qc7 19. Ne3 Be6 20. Bc3 Rac8 21. a4 a5 22. Qb2 b6 23. Kh1 Rfe8 24. Rad1 Bd7 25. f4 exf4 26. Bxf6 fxe3 27. Bxg7 {0-1 Yuan,Q (2360)-Hansen,E (2610) Titled Tue 28th May Late 2024 (4)}) 13. Bb2 Rd8 14. Ne2 cxd4 15. Nfxd4 Nxd4 16. Bxd4 Bc5 17. Be5 Qb6 18. Qe1 Be7 19. Rd1 Bd7 20. Bc3 Bc6 21. Rxd8+ Bxd8 22. Bxc6 Qxc6 23. Nd4 Qe4 24. Qxe4 Nxe4 25. Bb2 Bf6 26. Re1 Ng5 27. h4 Bxd4 0-1

[Event "45th FIDE Chess Olympiad Open"]
[Site "Budapest, Hungary"]
[Date "2024.09.12"]
[Round "2"]
[White "Galvez Dastin, Eduardo"]
[Black "Alsaqer, Meshal"]
[Result "1-0"]
[WhiteElo "2100"]
[BlackElo "1815"]
[PlyCount "81"]
[EventDate "2024.??.??"]
[WhiteTeam "Guatemala"]
[BlackTeam "Kuwait"]
[WhiteTeamCountry "GUA"]
[BlackTeamCountry "KUW"]
[WhiteClock "0:11:27"]
[BlackClock "0:07:38"]

1. d4 d5 2. c4 e6 3. cxd5 exd5 4. Nc3 c6 5. h3 Bd6 ({RR} 5... Nf6 6. e3 Bd6 7. Bd3 O-O 8. Nge2 Re8 9. O-O Nbd7 10. f3 c5 11. Nb5 Bf8 12. Nbc3 b6 13. g4 Bd6 14. Nb5 Bb8 15. Kg2 Ba6 16. Nbc3 Bxd3 17. Qxd3 Qc7 18. Rh1 a6 19. Bd2 c4 20. Qf5 {½-½ Volkov,S (2659)-Galkin,A (2608) Champions Challenge 228th blitz 2007 (3.2)}) ({RR} 5... Bf5 6. Bf4 Nd7 7. e3 Ngf6 8. Nf3 h6 9. Bd3 Bxd3 10. Qxd3 Be7 11. O-O O-O 12. Rab1 a5 13. Qc2 Ne8 14. Ne5 Bd6 15. Nd3 Bxf4 16. Nxf4 Nd6 17. Na4 Ne4 18. a3 Re8 19. Rbe1 Qg5 20. Nc3 {0-1 Adamczewski,M (2069)-Hulka,V (2349) 100th Ann. Silesian Chess 2024 (8.25)}) 6. Nf3 Bf5 $146 ({RR} 6... Nd7 7. a3 Ngf6 8. Bg5 h6 9. Bxf6 Nxf6 10. e3 Bf5 11. Bd3 Ne4 12. Bxe4 dxe4 13. Nd2 Qe7 14. Qb3 O-O 15. Qd1 Bh7 16. Qg4 f5 17. Qh5 b5 18. O-O a6 19. b4 a5 20. bxa5 Rxa5 21. f3 {0-1 Toth,Z (1980)-Adam,Z (2055) Cseppko op-B 10th 2001 (7)}) ({RR} 6... h6 7. e3 Nf6 8. Bd3 Be6 9. Bd2 O-O 10. O-O Nbd7 11. Rb1 Re8 12. b4 a6 13. Na4 Ne4 14. Nc5 b5 15. Nb7 Qc7 16. Na5 Nb6 17. Qc2 Nc4 18. Nxc4 bxc4 19. Bxe4 dxe4 20. Ne1 Bd5 21. Qc3 {1-0 Khan,W (2013)-Rajic,D Paris op-B 2001 (5)}) ({RR} 6... Qe7 7. Qc2 Nf6 8. Bg5 O-O 9. e3 h6 10. Bxf6 Qxf6 11. Bd3 Re8 12. O-O-O Be6 13. Kb1 Bb4 14. Ne2 b6 15. Nf4 Bd6 16. Nh5 Qe7 17. g4 c5 18. Rdg1 g5 19. h4 f6 20. Bb5 Bf7 21. Bxe8 {1-0 Weinheimer,P-Minz,M (2143) SBRhH-ch M Germany 2001}) 7. g4 Bg6 8. Qb3 Qb6 9. Qxb6 axb6 10. Bg2 h6 11. O-O Nf6 12. Nh4 Bh7 13. f4 O-O 14. g5 hxg5 15. fxg5 Ne4 16. Nxe4 Bxe4 17. Bxe4 dxe4 18. Nf5 Rd8 19. Bf4 Bf8 20. Bc7 Rd5 21. e3 Nd7 22. h4 c5 23. dxc5 Bxc5 24. Rad1 Rd3 25. a3 Nf8 26. Rxd3 exd3 27. b4 Ne6 28. bxc5 Nxc7 29. Ne7+ Kf8 30. cxb6 Ne6 31. Ng6+ Ke8 32. Ne5 Rxa3 33. Nxf7 Ke7 34. Ne5 Rc3 35. Rd1 Nc5 36. h5 Ke6 37. h6 gxh6 38. gxh6 Ra3 39. h7 Ra8 40. Ng6 Kd5 41. Ne7+ 1-0

[Event "45th FIDE Chess Olympiad Open"]
[Site "Budapest, Hungary"]
[Date "2024.09.12"]
[Round "2"]
[White "Alabdaljader, Mohammed"]
[Black "Aragon Trujillo, Ricardo M."]
[Result "1-0"]
[WhiteElo "1677"]
[BlackElo "2057"]
[PlyCount "49"]
[EventDate "2024.??.??"]
[WhiteTeam "Kuwait"]
[BlackTeam "Guatemala"]
[WhiteTeamCountry "KUW"]
[BlackTeamCountry "GUA"]
[WhiteClock "0:13:57"]
[BlackClock "0:11:14"]

1. e4 e5 2. Nf3 d6 3. d4 Qe7 4. Nc3 c6 5. Be3 ({RR} 5. dxe5 dxe5 6. Bc4 f6 7. O-O Be6 8. Bb3 Nd7 9. Be3 Qf7 10. Nh4 g6 11. f4 exf4 12. Bxf4 Bxb3 13. axb3 Qe6 14. Kh1 Nh6 15. Nf3 Nf7 16. Nd4 Qe7 17. b4 Nde5 18. b5 Bg7 19. bxc6 bxc6 {½-½ Naiditsch,A (2449)-Varga,Z (2541) Budapest WFG GM 2000 (7)}) 5... Nf6 6. Qd3 ({RR} 6. Be2 Qc7 7. O-O Be7 8. h3 Nbd7 9. Qd2 O-O 10. Rae1 Re8 11. Bd3 Nf8 12. Nh2 Ng6 13. f4 exf4 14. Bxf4 Nxf4 15. Qxf4 Qb6 16. Ne2 Be6 17. b3 Nd7 18. Kh1 Nf8 19. c4 Ng6 20. Qf3 Bf6 {1-0 Kovalskyi,R (1989)-Oragwu,C (2129) IV Mindsports Int Open 2024 (2.15)}) 6... Nbd7 $146 ({RR} 6... Qc7 7. O-O-O Be7 8. Ne1 Ng4 9. f3 Nxe3 10. Qxe3 Nd7 11. d5 c5 12. g3 a6 13. f4 b5 14. Nf3 Bf6 15. Bh3 b4 16. Bxd7+ Bxd7 17. fxe5 dxe5 18. d6 Qc6 19. Nd5 Qxd6 20. Nxb4 Qc7 21. Nd5 {1-0 Kiss,F (1984)-Farkas,L (1973) HUN-chT2 Barcza 1011 2010 (4.9)}) 7. O-O-O g6 8. h3 b5 9. d5 b4 10. dxc6 bxc3 11. cxd7+ Bxd7 12. Qxc3 Nxe4 13. Qb4 Nf6 14. Bg5 h6 15. Qb7 Rd8 16. Bxf6 Qxf6 17. Bb5 Be7 18. Bxd7+ Rxd7 19. Qb8+ Bd8 20. Qb5 Qe6 21. Nxe5 dxe5 22. Rxd7 a6 23. Rxd8+ Kxd8 24. Qb8+ Qc8 25. Rd1+ 1-0

[Event "45th FIDE Chess Olympiad Open"]
[Site "Budapest, Hungary"]
[Date "2024.09.12"]
[Round "2"]
[White "Prudente, Elmer"]
[Black "Pace, Colin"]
[Result "0-1"]
[WhiteElo "1949"]
[BlackElo "2186"]
[PlyCount "38"]
[EventDate "2024.??.??"]
[WhiteTeam "Guam"]
[BlackTeam "Malta"]
[WhiteTeamCountry "GMA"]
[BlackTeamCountry "MLT"]
[WhiteClock "0:32:24"]
[BlackClock "0:39:32"]

1. e4 c5 2. Nf3 Nc6 3. d4 cxd4 4. Nxd4 g6 5. Be3 Nf6 6. Nc3 Bg7 7. Nxc6 bxc6 8. e5 Ng8 9. f4 Nh6 10. Bc4 O-O 11. Ne4 d5 12. exd6 exd6 13. Qxd6 Qe8 14. Qb4 $146 ({RR} 14. Bd3 f5 15. Ng5 Qxe3+ 16. Kd1 Ba6 17. Re1 Qb6 18. Re7 Rad8 19. Rxg7+ Kxg7 20. Ne6+ Kg8 21. Qe5 Rf7 22. Nxd8 Qxd8 23. Qc3 Bxd3 24. cxd3 Ng4 25. Kd2 Qd5 26. Re1 Nf6 27. Kc1 Qxa2 28. Re5 Qa4 {½-½ Frith,S-Gazis,G (1804) Wetherby 4NCL op-A 6th 2016 (1)}) 14... Ng4 15. Ke2 c5 16. Qxc5 Qxe4 17. Bd5 Ba6+ 18. c4 Bxc4+ 19. Bxc4 Qxg2+ 0-1

[Event "45th FIDE Chess Olympiad Open"]
[Site "Budapest, Hungary"]
[Date "2024.09.12"]
[Round "2"]
[White "Darmanin, Jake"]
[Black "Tran, Tuan An"]
[Result "1/2-1/2"]
[WhiteElo "2119"]
[BlackElo "1916"]
[PlyCount "92"]
[EventDate "2024.??.??"]
[WhiteTeam "Malta"]
[BlackTeam "Guam"]
[WhiteTeamCountry "MLT"]
[BlackTeamCountry "GMA"]
[WhiteClock "0:23:43"]
[BlackClock "0:48:16"]

1. e4 e6 2. d4 d5 3. Nc3 Bb4 4. exd5 exd5 5. Bd3 Nf6 6. Nge2 c6 7. O-O O-O 8. Bg5 Nbd7 9. Ng3 h6 10. Bf4 Re8 11. h3 Nf8 12. Qf3 Bd6 $146 ({RR} 12... Ne6 13. Be3 Ng5 14. Bxg5 hxg5 15. Nh5 Be7 16. Ne2 Be6 17. c3 Qd7 18. Nxf6+ Bxf6 19. g4 Be7 20. Ng3 g6 21. Rfe1 Bd6 22. Re2 Bf4 23. Rae1 Kg7 24. Kg2 Rh8 25. Bc2 Rh6 26. Qd3 Rah8 27. Bb1 {½-½ Beyer,C (1940)-Zimmermann,R (2154) Oberliga Ost-A 1415 2014 (10.8)}) 13. Nce2 Ne4 14. Nxe4 dxe4 15. Bxe4 Bxf4 16. Nxf4 Qxd4 17. Rae1 Ne6 18. c3 Qf6 19. Nxe6 Qxf3 20. Bxf3 Bxe6 21. b3 a5 22. Re3 a4 23. Rfe1 Kf8 24. c4 axb3 25. axb3 Red8 26. h4 g5 27. hxg5 hxg5 28. Kh2 Ra2 29. R1e2 Rdd2 30. Kg3 Rxe2 31. Bxe2 Kg7 32. f4 gxf4+ 33. Kxf4 Kf6 34. g4 Rd2 35. g5+ Ke7 36. Bd3 Rf2+ 37. Kg3 Rd2 38. g6 fxg6 39. Bxg6 Kf6 40. Be4 Rb2 41. Kf4 b5 42. Bxc6 bxc4 43. bxc4 Bxc4 44. Rc3 Rb4 45. Ke3 Rb3 46. Rxb3 Bxb3 1/2-1/2

[Event "45th FIDE Chess Olympiad Open"]
[Site "Budapest, Hungary"]
[Date "2024.09.12"]
[Round "2"]
[White "Mafnas, Peter"]
[Black "Mizzi, Jack"]
[Result "0-1"]
[WhiteElo "1886"]
[BlackElo "2053"]
[PlyCount "56"]
[EventDate "2024.??.??"]
[WhiteTeam "Guam"]
[BlackTeam "Malta"]
[WhiteTeamCountry "GMA"]
[BlackTeamCountry "MLT"]
[WhiteClock "0:17:53"]
[BlackClock "0:19:43"]

1. c4 e5 2. Nc3 d6 3. g3 f5 4. Bg2 Nf6 5. d3 Be7 6. e3 O-O 7. Nge2 c6 8. O-O Be6 9. b3 Nbd7 ({RR} 9... a5 10. Bb2 Na6 11. Qd2 d5 12. cxd5 Nxd5 13. Nxd5 Bxd5 14. Bxd5+ Qxd5 15. Qc3 Bf6 16. Qc4 Rfd8 17. d4 exd4 18. Bxd4 Kf7 19. Rac1 Qxc4 20. Rxc4 Nc7 21. Bxf6 Kxf6 22. Nd4 Rd6 23. Rfc1 g6 24. Rc5 {½-½ Liu,Y (2516)-Xu,X (2576) CHN-chT China 2019 (16.3)}) 10. d4 Rc8 $146 ({RR} 10... d5 11. dxe5 Nxe5 12. Nf4 Bf7 13. cxd5 Qa5 14. Bb2 Rad8 15. Qb1 g5 16. Qxf5 Nfg4 17. h3 Bxd5 18. Bxd5+ cxd5 19. Qe6+ Rf7 20. Nfxd5 Nd3 21. Nxe7+ Kf8 22. Qxg4 Nxb2 23. Ned5 h6 24. Qe2 Qa3 25. Rab1 {1-0 Palatkova,E (2005)-Lunau,D BL2 SW 9192 (Women) 1991}) ({RR} 10... Bf7 11. Bb2 Re8 12. dxe5 dxe5 13. e4 f4 14. gxf4 exf4 15. Nxf4 Qc7 16. Nfe2 Ng4 17. Ng3 h5 18. Qe2 Be6 19. f4 h4 20. f5 Ndf6 21. fxe6 hxg3 22. Nd1 Bc5+ 23. Kh1 Rxe6 24. h3 Rae8 25. b4 {0-1 Morea,G (1897)-Toma,K (2205) 4NCL 2023-24 (4.3)}) ({RR} 10... Bf7 11. Bb2 e4 12. Bh3 g6 13. f3 d5 14. c5 Re8 15. b4 Bf8 16. f4 Be7 17. b5 Kg7 18. a4 Rh8 19. bxc6 bxc6 20. Rb1 h5 21. Qc2 h4 22. Kg2 Rh7 23. Rh1 Ng4 24. Bxg4 fxg4 25. Rbg1 {0-1 Montay,J (1360)-Belan,P (1493) Montigny le Bretonneux Noel op 18th 2017 (4)}) ({RR} 10... Bf7 11. dxe5 dxe5 12. e4 fxe4 13. Nxe4 Nxe4 14. Bxe4 Nc5 15. Qxd8 Raxd8 16. Nc3 Nxe4 17. Nxe4 Bg6 18. Bg5 Bxg5 19. Nxg5 Rd2 20. f4 exf4 21. Ne6 Be4 22. Nxf4 g5 23. Rae1 Rxf4 24. gxf4 Rg2+ 25. Kh1 {½-½ Ulrichsen,J (2196)-Berry,S (2298) WchT Seniors 65 2018 (3.6)}) 11. d5 Bf7 12. dxc6 bxc6 13. Ba3 Nb6 14. Rc1 d5 15. c5 Bg6 16. Qd2 Nbd7 17. Na4 Ne4 18. Qe1 Bg5 19. f4 Bh6 20. Bb4 Qe7 21. Nec3 Ndf6 22. Nxe4 Nxe4 23. Nc3 Nf6 24. Qe2 Qb7 25. Ba5 Rce8 26. Qd3 Qe7 27. Rfe1 exf4 28. exf4 Qxc5+ 0-1

[Event "45th FIDE Chess Olympiad Open"]
[Site "Budapest, Hungary"]
[Date "2024.09.12"]
[Round "2"]
[White "Zerafa, Patrick"]
[Black "Doria, Daniel"]
[Result "1-0"]
[WhiteElo "1986"]
[BlackElo "1745"]
[PlyCount "152"]
[EventDate "2024.??.??"]
[WhiteTeam "Malta"]
[BlackTeam "Guam"]
[WhiteTeamCountry "MLT"]
[BlackTeamCountry "GMA"]
[WhiteClock "0:15:30"]
[BlackClock "0:05:57"]

1. d4 d5 2. Nf3 Nf6 3. g3 e6 4. Bg2 Be7 5. O-O O-O 6. b3 c5 7. Bb2 Nc6 8. c4 dxc4 9. bxc4 cxd4 10. Nxd4 Nxd4 11. Bxd4 Qc7 12. Qb3 Rd8 13. Bb2 ({RR} 13. e3 e5 14. Bc3 Rb8 15. Nd2 Be6 16. Qb2 Nd7 17. Rfc1 f6 18. Nb3 Nc5 19. Nxc5 Bxc5 20. Rab1 b6 21. Bb4 Kh8 22. h4 Rbc8 23. Bf1 Bf5 24. Ra1 Be4 25. Rd1 h6 26. a4 Bb7 27. Bg2 Bxg2 {1-0 Avramidou,A (2269)-Putri,R (1932) WSCC Speed Play-In 3 2024 (2)}) 13... Bd7 14. Na3 a6 $146 ({RR} 14... Bc6 15. Nb5 Qc8 {½-½ Abouchaaya,T-Moussa,A Olympiad-28 Thessaloniki 1988 (13)}) ({RR} 14... Bc6 15. Nb5 Qc8 16. Rfd1 Rxd1+ 17. Rxd1 Bxg2 18. Kxg2 a6 19. Nd4 Qc7 20. Nf3 Rc8 21. Rd4 Ne8 22. Rg4 {½-½ Seuffert,G (2016)-Neubert,M (2091) Unterfranken-ch M1 45th 1994 (6)}) 15. Rac1 Bc6 16. Nb5 Qc8 17. Nd4 Bxg2 18. Kxg2 Bc5 19. Rfd1 e5 20. Nf3 Rxd1 21. Rxd1 e4 22. Nd4 b6 23. h3 Qb7 24. Nf5 Be7 25. Nxe7+ Qxe7 26. Qxb6 Ne8 27. Rd5 Qc7 28. Qxc7 Nxc7 29. Re5 Re8 30. Rxe8+ Nxe8 31. Be5 f6 32. Bb8 Kf7 33. f3 exf3+ 34. Kxf3 Ke6 35. Ke4 f5+ 36. Kd4 Nf6 37. Bf4 Kd7 38. Kc5 g5 39. Be5 Ne4+ 40. Kd5 h5 41. c5 h4 42. c6+ Kc8 43. gxh4 gxh4 44. e3 Nf2 45. Bf6 Nxh3 46. Bxh4 f4 47. exf4 Nxf4+ 48. Kc5 Nd3+ 49. Kb6 Nb4 50. a4 Nd5+ 51. Kc5 Nc3 52. a5 Na4+ 53. Kd6 Nb2 54. Be1 Nd3 55. Bc3 Kd8 56. Be5 Kc8 57. Bg3 Nb2 58. Kd5 Nd3 59. Kc4 Nb2+ 60. Kd4 Kd8 61. Kc3 Nd1+ 62. Kb4 Nb2 63. Bd6 Kc8 64. Kb3 Nd3 65. Kc3 Nc1 66. Kc4 Ne2 67. Kc5 Nc3 68. Kb6 Nb5 69. Be5 Nc7 70. Ka7 Nb5+ 71. Kxa6 Nc7+ 72. Bxc7 Kxc7 73. Kb5 Kc8 74. Kc5 Kc7 75. a6 Kb8 76. Kd6 Ka8 1-0

[Event "45th FIDE Chess Olympiad Open"]
[Site "Budapest, Hungary"]
[Date "2024.09.12"]
[Round "2"]
[White "Ortega Amarelle, Mariano"]
[Black "Tchouka, Yakini"]
[Result "1-0"]
[WhiteElo "2453"]
[BlackElo "1932"]
[PlyCount "67"]
[EventDate "2024.??.??"]
[WhiteTeam "Cape Verde"]
[BlackTeam "Togo"]
[BlackTeamCountry "TOG"]
[WhiteClock "0:31:57"]
[BlackClock "0:30:30"]

1. Nf3 d5 2. g3 Nf6 3. Bg2 e6 4. O-O Be7 5. d3 O-O 6. Nbd2 b6 7. e4 dxe4 8. dxe4 Bb7 9. e5 Nfd7 10. Qe2 Nc6 11. Rd1 Qc8 12. h4 ({RR} 12. Nb3 Rd8 13. Bf4 a5 14. a3 a4 15. Nbd4 Nxd4 16. Nxd4 Bxg2 17. Kxg2 Qb7+ 18. Qf3 Qxf3+ 19. Kxf3 Nc5 20. Nc6 Re8 21. Be3 Rac8 22. Bxc5 Bxc5 23. Rd7 b5 24. b4 axb3 25. cxb3 Kf8 26. a4 bxa4 {1-0 Svidler,P (2729)-Rosen,E (2353) Chess24 Banter Blitz Cup 2019 (1.6)}) ({RR} 12. a4 a5 13. Nc4 Rd8 14. h4 Nf8 15. Bg5 h6 16. Bxe7 Nxe7 17. Nd4 Bxg2 18. Kxg2 Rd5 19. Nb5 Qd7 20. Ne3 Rxd1 21. Rxd1 Qc6+ 22. Qf3 Rc8 23. Na7 Qxf3+ 24. Kxf3 Ra8 25. Nb5 Rc8 26. h5 Nc6 {½-½ Hungaski,R (2471)-Arnold,K Titled Tue 27th Aug Late 2024 (5)}) 12... Rd8 13. b3 $146 ({RR} 13. Nf1 Nf8 14. Bg5 Rxd1 15. Rxd1 Qe8 16. c3 Rd8 17. N3d2 Ng6 18. Bxe7 Ngxe7 19. Ne3 Nf5 20. Nxf5 exf5 21. f4 Na5 22. Bxb7 Nxb7 23. Nb3 a5 24. Rxd8 Nxd8 25. Nd4 g6 26. Qb5 Qxb5 27. Nxb5 Ne6 {1-0 Strikovic,A (2460)-Janosevic,D (2330) Belgrade GMA op 1988}) 13... a5 14. Bb2 a4 15. Ne4 axb3 16. axb3 Rxa1 17. Rxa1 h6 18. Bc3 Nc5 19. Ned2 Bf8 20. b4 Nd7 21. b5 Ne7 22. Ne4 Nd5 23. Bd4 Nc5 24. Bxc5 Bxc5 25. Rd1 Be7 26. Nd4 Qa8 27. Qg4 Kf8 28. Rd3 Nb4 29. Nxe6+ fxe6 30. Rf3+ Ke8 31. Qxe6 Bxe4 32. Rf7 Rd7 33. Rxg7 Qa1+ 34. Kh2 1-0